000
00252nam a22001097a 4500
082
_a
954.91 PAK'R
100
_a
RASHID, SAEED
_9
16757
245
_a
PAKISTANIAT AND CHARACTER BUILDING
260
_a
JHELUM
_b
QURESHI
_c
1992
300
_a
252P
942
_c
BK
999
_c
575342
_d
575342